The Legend of Zelda: Main Games - Statistics

General Stats
  • This quiz has been taken 231 times
    77 since last reset
  • The average score is 18 of 21
Answer Stats
Release Console Hint Answer % Correct
1987 NES Classic The Legend of Zelda
100%
2000 N64 Masks The Legend of Zelda: Majora's Mask
100%
1991 SNES Past The Legend of Zelda: A Link to The Past
96%
2006 GameCube | Wii Wolf The Legend of Zelda: Twilight Princess
96%
2017 Wii U | Switch Big Overworld The Legend of Zelda: Breath of The Wild
95%
1998 N64 Ocarina The Legend of Zelda: Ocarina of Time
95%
2002 GameCube Great Sea The Legend of Zelda: The Wind Waker
95%
2002 Game Boy Advance Four The Legend of Zelda: Four Swords
93%
2011 Wii Sky The Legend of Zelda: Skyward Sword
91%
2009 DS Tracks The Legend of Zelda: Spirit Tracks
91%
2023 Switch Bigger Overworld The Legend of Zelda: Tears of The Kingdom
91%
1993 Game Boy Egg The Legend of Zelda: Link's Awakening
89%
2001 Game Boy Color Din The Legend of Zelda: Oracle of Seasons
88%
2001 Game Boy Color Nayru The Legend of Zelda: Oracle of Ages
86%
2013 3DS 2 Worlds The Legend of Zelda: A Link Between Worlds
84%
2007 DS Ghost Armor The Legend of Zelda: Phantom Hourglass
84%
2024 Switch Zelda Protagonist The Legend of Zelda: Echoes of Wisdom
79%
1988 NES Two Zelda II: The Adventure of Link
79%
2004 Game Boy Advance Dwarfs The Legend of Zelda: The Minish Cap
77%
2015 3DS Multiplayer The Legend of Zelda: Tri Force Heroes
66%
2004 GameCube Four Again The Legend of Zelda: Four Swords Adventures
59%
No matching quizzes found
Score Distribution
Percent of People with Each Score
Percentile by Number Answered
Your Score History
You have not taken this quiz since the last reset